| 000 | 00984cam a2200313 i 4500 | ||
|---|---|---|---|
| 001 | 200445043 | ||
| 003 | TR-AnTOB | ||
| 005 | 20240909095003.0 | ||
| 007 | ta | ||
| 008 | 181207s2016 tu a $ 19701 $$$tu 97197tur u | ||
| 040 |
_aTR-AnTOB _beng _erda _cTR-AnTOB |
||
| 041 | 0 | _atur | |
| 044 | _ctu | ||
| 050 | 0 | 0 |
_aPL248.İ536 _bM373 2016 |
| 090 | 0 | 0 |
_aPL248.İ536 _bM373 2016 |
| 100 | 1 |
_aMaraş, Mehmet Atilla _eauthor _eauthor _960766 |
|
| 245 | 1 | 0 |
_aÇorak toprakta akan şair : _bMehmet Akif İnan / _cMehmet Atilla Maraş. |
| 250 | _a1. baskı Aralık 2016 | ||
| 264 | 1 |
_aAnkara : _bEdebiyat Ortamı, _c2016. |
|
| 300 |
_a64 pages : _billustrations ; _c20 cm |
||
| 336 |
_atext _btxt _2rdacontent |
||
| 337 |
_aunmediated _bn _2rdamedia |
||
| 338 |
_avolume _bnc _2rdacarrier |
||
| 490 | 0 |
_aEdebiyat Ortamı yayınları ; _v29 |
|
| 600 | 1 | 0 |
_aİnan, Mehmet Akif, _d1940-2000 _955515 |
| 650 | 7 |
_aTürk şiiri _2etuturkob _984273 |
|
| 942 |
_2lcc _cBK |
||
| 999 |
_c200445043 _d63255 |
||